|
|
|
|
| LEADER |
00984nam a2200253 a 4500 |
| 001 |
16610511 |
| 008 |
120702s2012 caua b 001 0 eng |
| 010 |
|
|
|a 2011001687
|
| 020 |
|
|
|a 9781412989527 (pbk.)
|
| 020 |
|
|
|a 1412989523 (pbk.)
|
| 040 |
|
|
|a DLC
|c DLC
|d YDX
|d YDXCP
|d BWX
|d CDX
|d DLC
|d BD-DhAAL
|
| 050 |
0 |
0 |
|a HM1261
|b .N667 2012
|
| 082 |
0 |
0 |
|a 303.3/4
|2 22
|
| 100 |
1 |
|
|a Northouse, Peter Guy.
|
| 245 |
1 |
0 |
|a Introduction to leadership :
|b concepts and practice /
|c Peter G. Northouse.
|
| 250 |
|
|
|a 2nd ed.
|
| 260 |
|
|
|a Thousand Oaks, Calif. :
|b SAGE Publications,
|c c2012.
|
| 300 |
|
|
|a xiii, 267 p. :
|b ill. ;
|c 23 cm.
|
| 504 |
|
|
|a Includes bibliographical references and index.
|
| 541 |
|
|
|e 00025542
|
| 650 |
|
0 |
|a Leadership.
|
| 852 |
1 |
|
|a Ayesha Abed Library
|c General shelf.
|
| 999 |
|
|
|c 12489
|d 12489
|
| 952 |
|
|
|0 0
|1 0
|2 ddc
|4 0
|6 303_340000000000000_NOR
|7 0
|9 20647
|a IGS
|b IGS
|c GEN
|d 2012-07-03
|e karim International
|g 3500.00
|l 1
|m 3
|o 303.34 NOR
|p 3010025542
|r 2014-06-09
|s 2012-12-31
|t 1
|w 2012-07-05
|y BK
|